Fundamentos de álgebra lineal y aplicaciones

Bibliographic Details
Main Author: Florey, Francis G
Format: Section = Libro
Language:Undetermined
Spanish
Published: México Prentice Hall 1980
Subjects:
LEADER 00468nam a2200181Ia 4500
008 240829s9999 xx 000 0 und d
020 |a 013-344960-2 
040 |a BIBLIOTECA-RUSB/ 512.5 F634 
041 |a spa 
082 |a 512.5 F634 
100 1 |a Florey, Francis G 
245 1 0 |a Fundamentos de álgebra lineal y aplicaciones 
260 |a México  |b Prentice Hall  |c 1980 
300 |a 397 p. :il. 
650 7 |a ALGEBRA LINEAL 
942 |c BK  |2 ddc 
991 |a TEXTO 
999 |c 1462